Moure i commoure : consciència corporal per a actors, músics i ballarins / Raimon Àvila consciència corporal per a actors, músics i ballarins / Raimon Àvila
ISBN:
978-84-9803-394-6
Descripción Física:
286 p. ; 21 cm
Colección:
Escrits teòrics ; 14
MARC
| LEADER | 00000nam a2200000Ia 4500 | ||
|---|---|---|---|
| 001 | 23167 | ||
| 003 | BGR | ||
| 005 | 20260324180046.0 | ||
| 008 | 160829s2011 xx 000 0 cat d | ||
| 020 | |a 978-84-9803-394-6 | ||
| 080 | |a B-2-246 | ||
| 100 | |a Àvila, Raimon |9 26356 | ||
| 245 | |a Moure i commoure : |b consciència corporal per a actors, músics i ballarins / Raimon Àvila | ||
| 260 | |a Barcelona : |b Diputació de Barcelona : |b Institut del Teatre, |c 2011 | ||
| 300 | |a 286 p. ; |c 21 cm | ||
| 490 | |a Escrits teòrics ; 14 | ||
| 590 | |a Bibliografia | ||
| 650 | |a Dramatúrgia |x Terminologia |x S. XX/XXI |9 45028 | ||
| 650 | 0 | |a Teràpia |9 13593 | |
| 650 | 0 | |a Respiració |9 54025 | |
| 650 | 0 | |a Expressió corporal |2 Arxiu |9 25923 | |
| 710 | 1 | |a Institut del Teatre (Barcelona, Catalunya) |9 52662 | |
| 710 | 1 | |a Barcelona (Catalunya : Província). |b Diputació |9 52408 | |
| 901 | |a Arxiu | ||
| 942 | |n 1 |2 udc |c MON | ||
| 952 | |0 0 |1 0 |4 0 |6 B2246 |7 1 |9 52318 |a Arxiu |b Arxiu |d 2016-12-01 |l 0 |o B-2-246 |p 23167 |r 2016-12-01 00:00:00 |w 2016-12-01 |y ARXIU | ||
| 999 | |c 56166 |d 56166 | ||